000 01640 a2200217 4500
001 60057
005 20260407155852.0
008 260407a1985 arg spa d
003 AR-UNSa-BCEJYS
040 _aAR-UNSa-BCEJYS
_bspa
_cAR-UNSa-BCEJYS
080 _a342
_xDerecho constitucional (Derecho Público)
245 1 0 _aCurso de derecho constitucional
020 _a950-14-0295-9
264 1 _aBuenos Aires :
_bEdiciones Depalma
_c1985
300 _axiv, 354 p.
_c23 cm.
505 _a1. El concepto de constitución - 2. Tipología y clasificación de las constituciones – 3. Los principios constitucionales. Los principios de supremacía y de control de constitucionalidad – 4. Los principios constitucionales (continuación). Los principios de limitación y razonabilidad – 5. Los principios constitucionales (conclusión). Los principios de funcionalidad y de estabilidad constitucional – 6. Normas y actos constitucionales. La interpretación constitucional – 7. Los derechos constitucionales. Los derechos públicos subjetivos de la sociedad frente al estado – 8. Los derechos civiles en la constitución del estado – 9. La estructura orgánica de funcionamiento del estado – 10. Las atribuciones exclusivas del estado federal – 11. La provincia Argentina y sus atribuciones constitucionales – 12. El poder Legislativo – 13. El poder Ejecutivo – 14. El poder Judicial – 15. La realidad constitucional al margen de la vigencia de su estructura normativa. Los gobiernos de “facto”
041 _aspa
942 _cBK
590 _aniveau_biblio:m niveau_hierar:0
100 1 _aQuiroga Lavié, Humberto
999 _c6873
_d6873